| 000 | 00523nam a2200181 i 4500 | ||
|---|---|---|---|
| 001 | 78852 | ||
| 003 | ES-MaACL | ||
| 005 | 20230906173832.0 | ||
| 007 | t| | ||
| 008 | 041018s1976 sp ||||1| spa d | ||
| 100 | 1 |
_aHegner, H. S. _962326 |
|
| 245 | 1 | 3 |
_aEl tercer Reich / _cH.S. Hegner ; [traducción de Antonio Tomás]. |
| 250 | _a[5ª ed.]. | ||
| 260 |
_a[Barcelona] : _bPlaza & Janés, _c[1976] |
||
| 300 |
_a409 p., 40 lám. ; _c23 cm. |
||
| 700 | 1 |
_aTomás, Antonio. _9110499 |
|
| 852 |
_aES-MaACL _jA-5914 _bR.94818 |
||
| 999 |
_c78852 _d78852 |
||